Changes in temporal features of speech in secondary progressive multiple sclerosis (SPMS) – case studies

Elmentve itt :
Bibliográfiai részletek
Szerzők: Svindt Veronika
Bóna Judit
Hoffmann Ildikó
Dokumentumtípus: Cikk
Megjelent: 2020
Sorozat:CLINICAL LINGUISTICS & PHONETICS 34 No. 4
doi:10.1080/02699206.2019.1645885

mtmt:30755591
Online Access:http://publicatio.bibl.u-szeged.hu/20925
LEADER 00859nab a2200217 i 4500
001 publ20925
005 20210225161549.0
008 210225s2020 hu o 0|| zxx d
022 |a 0269-9206 
024 7 |a 10.1080/02699206.2019.1645885  |2 doi 
024 7 |a 30755591  |2 mtmt 
040 |a SZTE Publicatio Repozitórium  |b hun 
041 |a zxx 
100 1 |a Svindt Veronika 
245 1 0 |a Changes in temporal features of speech in secondary progressive multiple sclerosis (SPMS) – case studies  |h [elektronikus dokumentum] /  |c  Svindt Veronika 
260 |c 2020 
300 |a 339-356 
490 0 |a CLINICAL LINGUISTICS & PHONETICS  |v 34 No. 4 
700 0 1 |a Bóna Judit  |e aut 
700 0 1 |a Hoffmann Ildikó  |e aut 
856 4 0 |u http://publicatio.bibl.u-szeged.hu/20925/1/ChangesintemporalfeaturesofspeechinsecondaryprogressivemultiplesclerosisSPMScasestudies.pdf  |z Dokumentum-elérés